[Geometry Dash] Guess the Extreme Demon 2! - Statistics

General Stats
  • This quiz has been taken 341 times
  • The average score is 12 of 16
Answer Stats
Picture Answer % Correct
Bloodbath
97%
Phobos
90%
Sakupen Hell
89%
Erebus
87%
LIMBO
87%
Congregation
86%
Acu
85%
Black Blizzard
85%
Killbot
81%
Falling Up
78%
RUST
72%
Nhelv
63%
Arctic Lights
62%
Hard Machine
60%
Cognition
52%
Dolos
24%
No matching quizzes found
Score Distribution
Percent of People with Each Score
Percentile by Number Answered
Your Score History
You have not taken this quiz